01110nam a2200301 a 4500001001200000003000800012006001900020007001500039008004100054020001800095020002700113040002100140035002100161050002300182100002500205245008400230260003400314300001700348504004100365533015200406650002300558650001400581650002400595655002900619710001700648856012600665999001700791ebr10667718CaPaEBRm u cr cn|||||||||130313s2012 fr sb 000 0 fre d z9782842541750 z9782842542351 (e-book) aCaPaEBRcCaPaEBR a(OCoLC)83460764114aRC548b.F74 2012eb1 aFresco, Jean-Pierre.10aStress, traumatismes et insomniesh[electronic resource] /cJean-Pierre Fresco. aParis :bEDP Sciences,c2012. axiii, 129 p. aIncludes bibliographical references. aElectronic reproduction.bPalo Alto, Calif. :cebrary,d2013.nAvailable via World Wide Web.nAccess may be limited to ebrary affiliated libraries. 0aSleep deprivation. 0aInsomnia. 0aStress (Physiology) 7aElectronic books.2local2 aebrary, Inc.40uhttp://site.ebrary.com/lib/rucke/Doc?id=10667718zAn electronic book accessible through the World Wide Web; click to view c61410d61410